Геолого-геофизическое картирование геоактивных зон на примере пустыни Кызыл-Кум; Проблемы геологии и освоения недр

Xehetasun bibliografikoak
Parent link:Проблемы геологии и освоения недр.— 2004.— С. 378-380
Egile nagusia: Вершкова Е. М. Елена Михайловна
Beste egile batzuk: Потылицина Е. С. (научный руководитель), Сальников В. Н.
Hizkuntza:errusiera
Argitaratua: 2004
Gaiak:
Formatua: MixedMaterials Liburu kapitulua
KOHA link:https://koha.lib.tpu.ru/cgi-bin/koha/opac-detail.pl?biblionumber=211323

MARC

LEADER 00000naa2a2200000 4500
001 211323
005 20231226132713.0
035 |a (RuTPU)RU\TPU\book\230837 
090 |a 211323 
100 |a 20120312d2004 k y0rusy50 ca 
101 0 |a rus 
102 |a RU 
200 1 |a Геолого-геофизическое картирование геоактивных зон на примере пустыни Кызыл-Кум  |f Е. М. Вершкова, Е. С. Потылицина  |g науч. рук. В. Н. Сальников 
320 |a Библиогр.: 3 назв. 
463 0 |0 (RuTPU)RU\TPU\book\77451  |y 5-89503-079-3  |t Проблемы геологии и освоения недр  |o труды Восьмого Международного симпозиума имени ак. М. А. Усова студентов и молодых ученых, посвященного 400-летию г. Томска, 5-9 апреля 2004 г., Томск  |f Администрация г. Томска; Томский политехнический университет  |v С. 378-380  |d 2004  |p 913 с. 
610 1 |a геофизическое обоснование 
610 1 |a картирование 
610 1 |a геологическая активность 
610 1 |a зонирование 
610 1 |a пустыни 
610 1 |a Кызыл-Кум 
610 1 |a антропогенное загрязнение 
610 1 |a труды учёных ТПУ 
700 1 |a Вершкова  |b Е. М.  |c специалист в области нефтегазового дела  |c старший преподаватель Томского политехнического университета  |f 1981-  |g Елена Михайловна  |3 (RuTPU)RU\TPU\pers\27710  |9 12784 
701 1 |a Потылицина  |b Е. С. 
702 1 |a Сальников  |b В. Н.  |4 727 
801 1 |a RU  |b 63413507  |c 20120312 
801 2 |a RU  |b 63413507  |c 20160727  |g RCR 
942 |c BK